000 01126cam a2200373 a 4500
999 _c1652
_d1652
001 4328288
003 CaAEU
005 20210629092206.0
008 980812s2000 maua 001 0 eng
010 _a 98041272
020 _a020135666X
020 _a9780201356663
020 _a9780201519037
020 _a0201519038
035 _aocm39733148
040 _aDLC
_beng
_cDLC
_dBTCTA
_dYDXCP
_dAEU
049 _aUABA
050 0 0 _aQA37.2
_b.W37 2000
082 0 0 _a510
_221
090 _aQA 37.2 W37 2000
_bAEU
100 1 _aWashington, Allyn J.
245 1 0 _aBasic technical mathematics with calculus /
_cAllyn J. Washington.
250 _a7th ed., Metric version.
260 _aReading, Mass. :
_bAddison-Wesley,
_cc2000.
300 _axvi, 963, 21, 67, 22, 18 p. :
_bill. (some col.) ;
_c27 cm.
336 _atext
_btxt
_2rdacontent
337 _aunmediated
_bn
_2rdamedia
338 _avolume
_bnc
_2rdacarrier
500 _a"Reprinted with corrections"--T.p. verso.
500 _aIncludes indexes.
650 0 _aMathematics.
942 _2lcc
_cBK
_nDO
949 _aQA 37.2 W37 2000
_c1
_hUASC-B
_i0162027539319